000 00579nam a2200229Ia 4500
003 OSt
005 20221005121701.0
006 a|||||r|||| 00| 0
007 ta
008 221004b |||||||| |||| 00| 0 eng d
024 _a34241
037 _cTextual
040 _aCRL
_cCRL
_beng
041 _2eng
_aeng
082 _a/\:8627, K71
100 _aBenham William G
_949840
245 0 _aHow to choose vocations from the hand
260 _c1967
650 _aSPIRITUALISM
942 _h/\:8627, K71
_cTEXL
_2cc
999 _c1041934
_d1041934